Denkwürdigkeiten des Prager Privat-Institutes für arme blinde Kinder und Augenkrange, nebst Ideen zu einer Versorgungs- und Beschäftigungs-Anstalt für Blinde /

Hlavní autor: Klar, Alois, 1763-1833
Jazyk: Němčina
Vydáno: Prag : Krauss, 1831
Témata:
Fyzický popis: 1 Bd.
Knihy
Uloženo v:
LEADER 00731nam a2200205 a 4500
001 000686106
003 CZ BrMZK
005 20030908135920.0
007 ta
008 030905s1831 xr f ger d
040 |a BOA001  |b cze  |c BOA001 
100 1 |a Klar, Alois,  |d 1763-1833  |7 jn20000401341  |4 aut 
245 1 0 |a Denkwürdigkeiten des Prager Privat-Institutes für arme blinde Kinder und Augenkrange, nebst Ideen zu einer Versorgungs- und Beschäftigungs-Anstalt für Blinde /  |c Alois Klar 
260 |a Prag :  |b Krauss,  |c 1831 
300 |a 1 Bd. 
910 |a BOA001  |b 2-0004.442 
964 |a Bohemika - stol. 19. 
990 |a BK 
993 |a Y 
996 6 |b 2619241647  |c 2-0004.442  |l MZK  |r Sklad / do 24 hodin  |n 2  |w 000686106  |u 000010  |a 1  |e BOA001  |j MZK50  |s P